000 00871nam a2200325Ia 4500
001 84611
003 IT-RoPAU
008 130308s9999 xx 000 0 und d
040 _aIT-RoPAU
040 _cIT-RoPAU
041 _aITALIANO
100 _aVentre V.
100 _gCodice Aut. SPICS: 29442
245 _aDonna di balera
245 _bGino Paoli
250 _a1a ed.
260 _aMILANO
260 _bRicordi
260 _c1988 [1° Ed.:1988 - Ed.Ling.Originale:1972]
300 _a"3 p. (prefazione: no ; testo: 3 [pagine: 34-36])"
500 _aParole di Gino Paoli e V. Ventre Musica di P. Sorgi
650 _aAUTORI/OPERE DI MUSICA
650 _eCodice materia Spics: 7007
700 _aPaoli GinoSorgi P.
700 _gCodice Aut. SPICS: 11057Codice Aut. SPICS: 29443
942 _cBK
957 _71
999 _c58713
_d58713
999 _bSI
999 _g1